Gender and diversity at public Universities in Kenya (Record no. 17656)

MARC details
000 -LEADER
fixed length control field 00575nam a22001697a 4500
008 - FIXED-LENGTH DATA ELEMENTS--GENERAL INFORMATION
fixed length control field 190517b xxu||||| |||| 00| 0 eng d
040 ## - CATALOGING SOURCE
Original cataloging agency KABU
Transcribing agency KABU
050 ## - LIBRARY OF CONGRESS CALL NUMBER
Classification number LC1568
Item number .G46 2016 c. 1
110 ## - MAIN ENTRY--CORPORATE NAME
Corporate name or jurisdiction name as entry element Commission for University Education
245 ## - TITLE STATEMENT
Title Gender and diversity at public Universities in Kenya
246 ## - VARYING FORM OF TITLE
Title proper/short title Quality
Remainder of title the agenda
260 ## - PUBLICATION, DISTRIBUTION, ETC. (IMPRINT)
Place of publication, distribution, etc. Nairobi, kenya
Name of publisher, distributor, etc. Commission for University Education
Date of publication, distribution, etc. 2016
300 ## - PHYSICAL DESCRIPTION
Extent xiii, 100 p.
650 ## - SUBJECT ADDED ENTRY--TOPICAL TERM
Topical term or geographic name as entry element Women and education (Higher)
Geographic subdivision Kenya
650 ## - SUBJECT ADDED ENTRY--TOPICAL TERM
Topical term or geographic name as entry element Universities and colleges
Geographic subdivision Kenya
942 ## - ADDED ENTRY ELEMENTS (KOHA)
Source of classification or shelving scheme Library of Congress Classification
Koha item type General Collection
Classification part LC1568
Holdings
Withdrawn status Lost status Source of classification or shelving scheme Not for loan Home library Current library Date acquired Total Checkouts Full call number Barcode Date last seen Copy number Price effective from Koha item type
    Library of Congress Classification   Kabarak, Main Campus Kabarak, Main Campus 17/05/2019   LC1568 .G46 2016 c. 1 027433 17/05/2019 c. 1 17/05/2019 General Collection
Designed with assistance from East African Informatics Ltd